000 00866cam a22002655a 4500
001 15460293
005 20180508110040.0
008 080922r20102009enk frb 001 0 eng d
020 _a9780415477758
020 _a0415477751
040 _aDLC
_cDLC
_dBTCTA
_dBAKER
_dYDXCP
_dBWKUK
_dBWK
_dBWX
_dCDX
_dDLC
_dEG-ScBUE
_beng
082 0 4 _222
_a070.43
_bADA
100 1 _aAdams, Sally,
_d1933-
245 1 0 _aInterviewing for journalists /
_cSally Adams with Wynford Hicks.
250 _a2nd ed., Reprint ed.
260 _aLondon ;
_aNew York :
_bRoutledge / Taylor & Francis Group,
_c2010.
300 _a249 p. ;
_c24 cm.
500 _aReprinted of 2009 ed.
504 _aIncludes bibliographical references and index.
650 7 _aInterviewing in journalism.
_2BUEsh
651 _2BUEsh
653 _bGGEN
_cMay2018
700 1 _aHicks, Wynford,
_d1942-
942 _2ddc
999 _c26658
_d26630